书目信息 |
| 题名: |
化工原理
|
|
| 作者: | 王志魁 主编 | |
| 分册: | ||
| 出版信息: | 北京 化学工业出版社 1987.06 |
|
| 页数: | 404页 | |
| 开本: | 16开 | |
| 丛书名: | ||
| 单 册: | ||
| 中图分类: | TQ01-43 | |
| 科图分类: | ||
| 主题词: | 化学工业--基础理论 | |
| 电子资源: | ||
| ISBN: | 7-5025-0413-3 | |
| 000 | 00545nam0 2200193 45 | |
| 001 | 0101100907 | |
| 005 | 20010110095306.6 | |
| 010 | @a7-5025-0413-3@d6.70元 | |
| 100 | @a20010110d1987 km y0chiy0120 ea | |
| 101 | 0 | @achi |
| 105 | @a z 000yy | |
| 200 | 1 | @a化工原理@AHua Gong Yuan Li@f王志魁主编@FWang Zhi Kui Zhu Bian |
| 210 | @a北京@c化学工业出版社@d1987.06 | |
| 215 | @a404页@d16开 | |
| 606 | 0 | @a化学工业@x基础理论 |
| 690 | @aTQ01-43@v3 | |
| 701 | 0 | @a王志魁@4主编 |
| 801 | @aCN@bPftUser@c20010110 | |
| 905 | @b320202-206@dTQ01-43@eW415@f5 | |
| 化工原理/王志魁主编.-北京:化学工业出版社,1987.06 |
| 404页;16开 |
| ISBN 7-5025-0413-3:6.70元 |
| ● |
| 相关链接 |
|
|
|
正题名:化工原理
索取号:TQ01-43/W415
 
预约/预借
| 序号 | 登录号 | 条形码 | 馆藏地/架位号 | 状态 | 备注 |
| 1 | 320202 | 203202024 | 自科库501/501自科库 137排1列5层/ [索取号:TQ01-43/W415] | 在馆 | |
| 2 | 320203 | 203202033 | 自科二线504/504自科库 30排1列4层/ [索取号:TQ01-43/W415] | 在馆 | |
| 3 | 320204 | 203202042 | 自科二线504/504自科库 30排1列4层/ [索取号:TQ01-43/W415] | 在馆 | |
| 4 | 320205 | 203202051 | 自科二线504/504自科库 30排1列4层/ [索取号:TQ01-43/W415] | 在馆 | |
| 5 | 320206 | 203202060 | 自科二线504/504自科库 30排1列4层/ [索取号:TQ01-43/W415] | 在馆 |